000
00223 a2200097 4500
001
45991
100
_a
Culbartson E
245
_a
Contract bridge for everyone
260
_a
London
_b
Faber & Faber
_c
090
_c
29112
_d
29112
942
_a
NUST-CAE
_c
M
_c
21239
999
_c
281064
_d
281064